Công nghệ chế tạo máy điện và máy biến áp

में बचाया:
ग्रंथसूची विवरण
मुख्य लेखक: Nguyễn Đức Sĩ
स्वरूप: पुस्तक
भाषा:Undetermined
प्रकाशित: Hà Nội Giáo dục 1995
विषय:
टैग : टैग जोड़ें
कोई टैग नहीं, इस रिकॉर्ड को टैग करने वाले पहले व्यक्ति बनें!
Thư viện lưu trữ: Trung tâm Học liệu Trường Đại học Cần Thơ
LEADER 00600nam a2200181Ia 4500
001 CTU_13832
008 210402s9999 xx 000 0 und d
082 |a 621.314 
082 |b S300 
100 |a Nguyễn Đức Sĩ 
245 0 |a Công nghệ chế tạo máy điện và máy biến áp 
245 0 |c Nguyễn Đức Sĩ 
260 |a Hà Nội 
260 |b Giáo dục 
260 |c 1995 
650 |a electric machinery,machine parts,mechanical engineering 
904 |i Nguyễn Quang Điền, 961212 
980 |a Trung tâm Học liệu Trường Đại học Cần Thơ